<?xml version="1.0" encoding="UTF-8"?>
<record
    xmlns:xsi="http://www.w3.org/2001/XMLSchema-instance"
    xsi:schemaLocation="http://www.loc.gov/MARC21/slim http://www.loc.gov/standards/marcxml/schema/MARC21slim.xsd"
    xmlns="http://www.loc.gov/MARC21/slim">

  <leader>01179nam a22002655a 4500</leader>
  <datafield tag="999" ind1=" " ind2=" ">
    <subfield code="c">26173</subfield>
    <subfield code="d">26145</subfield>
  </datafield>
  <controlfield tag="003">OSt</controlfield>
  <controlfield tag="005">20201025101304.0</controlfield>
  <controlfield tag="008">180226s1997    ua a   grb    000 0 ara d</controlfield>
  <datafield tag="017" ind1=" " ind2=" ">
    <subfield code="a">97 / 13772</subfield>
  </datafield>
  <datafield tag="020" ind1=" " ind2=" ">
    <subfield code="a">9770094706</subfield>
  </datafield>
  <datafield tag="040" ind1=" " ind2=" ">
    <subfield code="a">EG-ScBUE</subfield>
    <subfield code="b">ara</subfield>
    <subfield code="c">EG-ScBUE</subfield>
  </datafield>
  <datafield tag="082" ind1="0" ind2="4">
    <subfield code="a">297.216</subfield>
    <subfield code="b">&#x634; &#x627; &#x647;&#x640;</subfield>
    <subfield code="2">22</subfield>
  </datafield>
  <datafield tag="100" ind1="1" ind2=" ">
    <subfield code="a">&#x634;&#x627;&#x647;&#x64A;&#x646;&#x60C; &#x62D;&#x633;&#x64A;&#x646;.</subfield>
  </datafield>
  <datafield tag="245" ind1="1" ind2="0">
    <subfield code="a">&#x631;&#x62D;&#x644;&#x629; &#x625;&#x644;&#x649; &#x645;&#x645;&#x644;&#x643;&#x629; &#x625;&#x628;&#x644;&#x64A;&#x633; /</subfield>
    <subfield code="c">&#x62D;&#x633;&#x64A;&#x646; &#x634;&#x627;&#x647;&#x64A;&#x646;.</subfield>
  </datafield>
  <datafield tag="260" ind1=" " ind2=" ">
    <subfield code="a">&#x627;&#x644;&#x642;&#x627;&#x647;&#x631;&#x629; :</subfield>
    <subfield code="b">&#x62D;&#x633;&#x64A;&#x646; &#x634;&#x627;&#x647;&#x64A;&#x646;&#x60C;</subfield>
    <subfield code="c">[1997]</subfield>
  </datafield>
  <datafield tag="300" ind1=" " ind2=" ">
    <subfield code="a">302 &#x635;. &#x61B;</subfield>
    <subfield code="c">24 &#x633;&#x645;.</subfield>
  </datafield>
  <datafield tag="504" ind1=" " ind2=" ">
    <subfield code="a">&#x64A;&#x634;&#x62A;&#x645;&#x644; &#x639;&#x644;&#x649; &#x625;&#x631;&#x62C;&#x627;&#x639;&#x627;&#x62A; &#x628;&#x628;&#x644;&#x64A;&#x648;&#x62C;&#x631;&#x627;&#x641;&#x64A;&#x629;.</subfield>
  </datafield>
  <datafield tag="520" ind1=" " ind2=" ">
    <subfield code="a">&#x645;&#x634;&#x631;&#x648;&#x639;&#x64A;&#x629; &#x627;&#x644;&#x627;&#x633;&#x62A;&#x639;&#x627;&#x646;&#x629; &#x628;&#x627;&#x644;&#x62C;&#x646; &#x641;&#x64A; &#x627;&#x644;&#x639;&#x644;&#x627;&#x62C; -- &#x627;&#x644;&#x62C;&#x646; &#x627;&#x644;&#x639;&#x627;&#x634;&#x642; &#x648;&#x637;&#x628;&#x64A;&#x628;&#x629; &#x627;&#x644;&#x625;&#x633;&#x643;&#x646;&#x62F;&#x631;&#x64A;&#x629; -- &#x631;&#x641;&#x636;&#x62A; &#x644;&#x642;&#x627;&#x621; &#x632;&#x648;&#x62C;&#x647;&#x627; &#x645;&#x646; &#x623;&#x62C;&#x644; &#x627;&#x644;&#x62C;&#x646; -- &#x625;&#x62E;&#x62A;&#x641;&#x627;&#x621; &#x641;&#x62A;&#x627;&#x629; &#x627;&#x644;&#x62C;&#x627;&#x646; -- &#x639;&#x627;&#x634;&#x62A; 22 &#x64A;&#x648;&#x645;&#x627; &#x628;&#x62F;&#x648;&#x646; &#x623;&#x643;&#x644; &#x648;&#x644;&#x627; &#x645;&#x627;&#x621; -- &#x642;&#x627;&#x647;&#x631; &#x627;&#x644;&#x639;&#x641;&#x627;&#x631;&#x64A;&#x62A; &#x648;&#x62C;&#x644;&#x633;&#x629; &#x627;&#x644;&#x62A;&#x62D;&#x62F;&#x64A; &#x628;&#x642;&#x646;&#x627;&#x629; &#x627;&#x644;&#x623;&#x648;&#x631;&#x628;&#x62A;.</subfield>
  </datafield>
  <datafield tag="650" ind1=" " ind2="7">
    <subfield code="a">&#x627;&#x644;&#x639;&#x644;&#x627;&#x62C; &#x628;&#x627;&#x644;&#x642;&#x631;&#x622;&#x646;.</subfield>
    <subfield code="2">BUEsh</subfield>
  </datafield>
  <datafield tag="650" ind1=" " ind2="7">
    <subfield code="a">&#x627;&#x644;&#x634;&#x64A;&#x627;&#x637;&#x64A;&#x646; &#x648;&#x627;&#x644;&#x62C;&#x627;&#x646;.</subfield>
    <subfield code="2">BUEsh</subfield>
    <subfield code="9">15076</subfield>
  </datafield>
  <datafield tag="650" ind1=" " ind2="7">
    <subfield code="a">&#x627;&#x644;&#x639;&#x644;&#x627;&#x62C; &#x627;&#x644;&#x62F;&#x64A;&#x646;&#x64A;.</subfield>
    <subfield code="2">BUEsh</subfield>
  </datafield>
  <datafield tag="651" ind1=" " ind2=" ">
    <subfield code="2">BUEsh</subfield>
  </datafield>
  <datafield tag="653" ind1=" " ind2=" ">
    <subfield code="b">GGEN</subfield>
    <subfield code="c">February2018</subfield>
  </datafield>
  <datafield tag="942" ind1=" " ind2=" ">
    <subfield code="2">ddc</subfield>
  </datafield>
  <datafield tag="952" ind1=" " ind2=" ">
    <subfield code="0">0</subfield>
    <subfield code="1">0</subfield>
    <subfield code="2">ddc</subfield>
    <subfield code="4">0</subfield>
    <subfield code="7">0</subfield>
    <subfield code="a">MAIN</subfield>
    <subfield code="b">MAIN</subfield>
    <subfield code="c">1ST</subfield>
    <subfield code="d">2018-02-26</subfield>
    <subfield code="o">297.216 &#x634; &#x627; &#x647;&#x640;</subfield>
    <subfield code="p">000043011</subfield>
    <subfield code="r">2025-07-15 00:00:00</subfield>
    <subfield code="y">BB</subfield>
  </datafield>
</record>
